| 000 | 00507nam a2200205Ia 4500 | ||
|---|---|---|---|
| 001 | 13843 | ||
| 003 | GE_BSU | ||
| 008 | 181216s||||||||xx |||||||||||||| ||und|| | ||
| 040 | _cGE_BSU | ||
| 080 | _a821.111-3 | ||
| 100 | _aTrolope,Joanna | ||
| 245 | _aLeaves from the valley the steps of the Sun | ||
| 245 | _cWritting as Caroline Harvey | ||
| 260 | _aLondon | ||
| 260 | _bCorgi books | ||
| 260 | _c2000 | ||
| 300 | _a628p.20cm. | ||
| 653 | _aLeaves from the valley the steps of the Sun | ||
| 942 | _cBK | ||
| 999 |
_c46989 _d46989 |
||